Statistics for Countries by Letter - T

Click here to take the quiz!

General Stats

  • This quiz has been taken 24 times
    (20 since last reset)
  • The average score is 9 of 11

Answer Stats

Countries% Correct
Turkey
94%
Turkmenistan
94%
Trinidad and Tobago
89%
Thailand
83%
Togo
83%
Tuvalu
83%
Tunisia
78%
Taiwan
72%
Tajikistan
72%
Tanzania
72%
Tonga
72%

Score Distribution

Percentile by Number Answered

Percent of People with Each Score

Your Score History

You have not taken this quiz since the last reset